000 00441ntaaa2200181 4500
003 01
005 20251027202759.0
008 0714s1973 ag 01
040 _aAR-BaBN
_bspa
_cAR-BaBN
_eaacr
_dRIC
082 _a822.3300 S527
100 _aShakespeare, William
245 _aTwelfth night
250 _a1 ed.
260 _aNew York :
_bHenry Holt Company,
_cs.f.
300 _a130 p
650 _aliteratura inglesa
_926061
942 _cBK
999 _c23135
_d23135